logo

Bir Sreshtho Munshi Abdur Rouf Library
Jhenaidah Cadet College

Einstein : (Record no. 6450)

MARC details
000 -LEADER
fixed length control field 03122cam a2200397 a 4500
001 - CONTROL NUMBER
JCCL Control Number 6450
003 - CONTROL NUMBER IDENTIFIER
JCCL marc code BD-JhCC
005 - DATE AND TIME OF LATEST TRANSACTION
control field 20230520093429.0
008 - FIXED-LENGTH DATA ELEMENTS--GENERAL INFORMATION
fixed length control field 061207s2007 nyuaf b 001 0beng
020 ## - INTERNATIONAL STANDARD BOOK NUMBER
International Standard Book Number 9780743264730
020 ## - INTERNATIONAL STANDARD BOOK NUMBER
International Standard Book Number 0743264738
035 ## - SYSTEM CONTROL NUMBER
system control number (BD-JhCC)6450
035 ## - SYSTEM CONTROL NUMBER
system control number (OCoLC)76961150
040 ## - CATALOGING SOURCE
Original cataloging agency DLC
Transcribing agency DLC
Modifying agency BAKER
-- BTCTA
-- GK8
-- NSB
-- YDXCP
-- C#P
-- BUR
-- DLC
041 ## - LANGUAGE CODE
Language code of Book eng
050 00 - LIBRARY OF CONGRESS CALL NUMBER
Classification number QC16.E5
Item number I76 2007
082 00 - DEWEY DECIMAL CLASSIFICATION NUMBER
Classification number 530.092
DDC Edition number 22
Author mark and Year ISA 2007
100 1# - MAIN ENTRY--PERSONAL NAME
Personal name Isaacson, Walter.
245 10 - TITLE STATEMENT
Title Einstein :
Remainder of title his life and universe /
Statement of responsibility, etc Walter Isaacson.
260 ## - PUBLICATION, DISTRIBUTION, ETC. (IMPRINT)
Place of publication, distribution, etc New York :
Name of publisher, distributor, etc Simon & Schuster,
Date of publication, distribution, etc c2007.
300 ## - PHYSICAL DESCRIPTION
Pagination xxii, 675, [16] p. of plates :
Other physical details ill. ;
Dimensions 25 cm.
504 ## - BIBLIOGRAPHY, ETC. NOTE
Bibliography, etc Includes bibliographical references (p. 553-564) and index.
505 0# - FORMATTED CONTENTS NOTE
Formatted contents note The light-beam rider -- Childhood, 1879-1896 -- The Zurich Polytechnic, 1896-1900 -- The lovers, 1900-1904 -- The miracle year: quanta and molecules, 1905 -- Special relativity, 1905 -- The happiest thought, 1906-1909 -- The wandering professor, 1909-1914 -- General relativity, 1911-1915 -- Divorce, 1916-1919 -- Einstein's universe, 1916-1919 -- Fame, 1919 -- The wandering Zionist, 1920-1921 -- Nobel laureate, 1921-1927 -- Unified field theories, 1923-1931 -- Turning fifty, 1929-1931 -- Einstein's God -- The refugee, 1932-1933 -- America, 1933-1939 -- Quantum entanglement, 1935 -- The bomb, 1939-1945 -- One-worlder, 1945-1948 -- Landmark, 1948-1953 -- Red scare, 1951-1954 -- The end, 1955 -- Epilogue: Einstein's brain and Einstein's mind.
520 ## - SUMMARY, ETC.
Summary, etc The first full biography of Albert Einstein since all of his papers have become available shows how his scientific imagination sprang from the rebellious nature of his personality. Biographer Isaacson explores how an imaginative, impertinent patent clerk--a struggling father in a difficult marriage who couldn't get a teaching job or a doctorate--became the locksmith of the mysteries of the atom and the universe. His success came from questioning conventional wisdom and marveling at mysteries that struck others as mundane. This led him to embrace a morality and politics based on respect for free minds, free spirits, and free individuals. These traits are just as vital for this new century of globalization, in which our success will depend on our creativity, as they were for the beginning of the last century, when Einstein helped usher in the modern age.--From publisher description.
600 10 - SUBJECT ADDED ENTRY--PERSONAL NAME
Personal name Einstein, Albert,
Dates associated with a name 1879-1955.
600 10 - SUBJECT ADDED ENTRY--PERSONAL NAME
Personal name Einstein, Albert,
Dates associated with a name 1879-1955
General subdivision Friends and associates.
650 #0 - SUBJECT ADDED ENTRY--TOPICAL TERM
Topical term or geographic name as entry element Physicists
Form subdivision Biography.
650 #0 - SUBJECT ADDED ENTRY--TOPICAL TERM
Topical term or geographic name as entry element Relativity (Physics)
650 #0 - SUBJECT ADDED ENTRY--TOPICAL TERM
Topical term or geographic name as entry element Unified field theories.
856 42 - ELECTRONIC LOCATION AND ACCESS
Materials specified Publisher description
Uniform Resource Identifier http://www.loc.gov/catdir/enhancements/fy0708/2006051264-d.html
856 41 - ELECTRONIC LOCATION AND ACCESS
Materials specified Sample text
Uniform Resource Identifier http://www.loc.gov/catdir/enhancements/fy0745/2006051264-s.html
856 41 - ELECTRONIC LOCATION AND ACCESS
Materials specified Table of contents only
Uniform Resource Identifier http://www.loc.gov/catdir/enhancements/fy0745/2006051264-t.html
856 42 - ELECTRONIC LOCATION AND ACCESS
Materials specified Contributor biographical information
Uniform Resource Identifier http://www.loc.gov/catdir/enhancements/fy1013/2006051264-b.html
942 ## - ADDED ENTRY ELEMENTS (KOHA)
Source of classification or shelving scheme Dewey Decimal Classification
Koha item type Books
Koha issues (borrowed), all copies 3
Holdings
Source of classification or shelving scheme Damaged status Not for loan Home library Current library Shelving location Date of accession Cost, normal purchase price Total Checkouts Full call number Barcode Date last seen Date checked out Copy number Koha item type Method of acquisition Currency
Dewey Decimal Classification     JCC Rouf Library JCC Rouf Library General Stacks 01/23/2018 21.00 2 530.092 ISA 2007 8899 03/14/2022 03/03/2022 C - 1 Books    
Dewey Decimal Classification     JCC Rouf Library JCC Rouf Library General Stacks 05/09/2023 890.00 1 530.092 ISA 2007 17727 06/12/2023 05/29/2023 C-2 Books Purchase BDT

JCC Library | Contacts | JCC Home

Last Update on 23 September 2017
Copyright @ 2017-2020 JCC Rouf Library
Rouf Library, Jhenidah Cadet College (JCC), Bangladesh